00841nam a2200193 a 450000100100000000500170001000800410002702000150006804000250008310000330010824501970014126000270033830000210036570000330038670000340041971000720045395201050052599900170063000004149520201002034936.0131008s1979 sp 000 0 spa d a8400046471 aDO-SdBNPbspacBNPHU1 aPaz Aguiló, María96748110aÍndice Onomastico de Revistas de Arte :barchivo español de arte y boletín de la sociedad española de excursiones /cMaría Paz Aguiló, Amelia López Yarto y María Luisa Terraga. aMadrid :bCSIC,c1979. a430 p. ;c28 cm.1 aLópez Yarto, Amelia9681961 aTerraga, María Luisa9681972 aConsejo Superior de Investigaciones Científicas (España)915178 001050718MOaGRbGRcCTd2013-10-08iLF1l0o p41495-10r2020-06-25w2020-06-25y1ZNo se presta c40985d40985